| 000 | 00928cam a2200325Ii 4500 | ||
|---|---|---|---|
| 001 | 46178 | ||
| 005 | 20230410130513.0 | ||
| 008 | 791220s1977 sp b 000 0 spa d | ||
| 035 | _a(OCoLC)ocm05814969 | ||
| 040 |
_aYSM _cYSM _dOCL _dOCLCQ |
||
| 020 | _a8474260051 | ||
| 020 | _a9788474260052 | ||
| 035 | _a(OCoLC)5814969 | ||
| 041 | 1 |
_aspa _hita |
|
| 043 |
_ae-cs--- _ae-ur--- |
||
| 050 | 1 | 4 |
_aPG 5006 _bL842a 1977 |
| 049 | _aGRAL | ||
| 100 | 1 | _aLombardo-Radice, Lucio. | |
| 245 | 1 | 3 |
_aEl acusado Kafka / _cLucio Lombardo Radice. |
| 250 | _a1. ed. | ||
| 260 |
_aBarcelona : _bIcaria, _c1977. |
||
| 300 |
_a110 p. ; _c17 cm. |
||
| 500 | _aTranslations by Jacinto Zulueta of : Gli accusati. | ||
| 504 | _aIncludes bibliographical references. | ||
| 650 | 0 |
_aLiterature and state _zCzechoslovakia. |
|
| 650 | 0 |
_aLiterature and state _zSoviet Union. |
|
| 942 |
_2lcc _cbk |
||
| 946 | _amfcruz | ||
| 994 |
_aC0 _bDRFGD |
||
| 999 |
_c75293 _d75293 |
||